Introduction to cryptography with coding theory (Record no. 153056)

MARC details
000 -LEADER
fixed length control field 00402nam a2200157Ia 4500
008 - FIXED-LENGTH DATA ELEMENTS--GENERAL INFORMATION
fixed length control field 230917s9999||||xx |||||||||||||| ||und||
040 ## - CATALOGING SOURCE
-- 157294
Original cataloging agency VIVEKANANDA LIBRARY
041 ## - Language
-- English
082 ## - DDC NUMBER
Classification number 005.82 T689I
100 ## - MAIN ENTRY--PERSONAL NAME
Personal name Trappe, Wade
245 #0 - TITLE STATEMENT
Title Introduction to cryptography with coding theory
250 ## - EDITION STATEMENT
Edition statement 2nd ed.
260 ## - PUBLICATION, DISTRIBUTION, ETC. (IMPRINT)
Place of publication, distribution, etc New Delhi
Name of publisher, distributor, etc Pearson Education
Date of publication, distribution, etc 2009
300 ## - PHYSICAL DESCRIPTION
Pages 577 p.
942 ## - ADDED ENTRY ELEMENTS (KOHA)
Koha item type Books
Holdings
Withdrawn status Lost status Damaged status Not for loan Location (home branch) Sublocation or collection (holding branch) Shelving location Date acquired Koha issues (times borrowed) Koha full call number Accession No. Koha date last seen Koha item type
        VIVEKANANDA LIBRARY VIVEKANANDA LIBRARY IHTM Library 21/06/2010   005.82 T689I 277160 17/09/2023 Books
        VIVEKANANDA LIBRARY VIVEKANANDA LIBRARY IHTM Library 21/06/2010   005.82 T689I 277161 17/09/2023 Books
        VIVEKANANDA LIBRARY VIVEKANANDA LIBRARY UIET Library 21/06/2010   005.82 T689I 289017 17/09/2023 Books
        VIVEKANANDA LIBRARY VIVEKANANDA LIBRARY UIET Library 21/06/2010   005.82 T689I 289018 17/09/2023 Books
        VIVEKANANDA LIBRARY VIVEKANANDA LIBRARY UIET Library 21/06/2010   005.82 T689I 289019 17/09/2023 Books
        VIVEKANANDA LIBRARY VIVEKANANDA LIBRARY UIET Library 21/06/2010   005.82 T689I 289020 17/09/2023 Books
        VIVEKANANDA LIBRARY VIVEKANANDA LIBRARY UIET Library 21/06/2010   005.82 T689I 289021 17/09/2023 Books
        VIVEKANANDA LIBRARY VIVEKANANDA LIBRARY   21/06/2010   005.82 T689I 295468 17/09/2023 Books
        VIVEKANANDA LIBRARY VIVEKANANDA LIBRARY   21/06/2010   005.82 T689I 295469 17/09/2023 Books
        VIVEKANANDA LIBRARY VIVEKANANDA LIBRARY   21/06/2010   005.82 T689I 295470 17/09/2023 Books
        VIVEKANANDA LIBRARY VIVEKANANDA LIBRARY   21/06/2010   005.82 T689I 295471 17/09/2023 Books
        VIVEKANANDA LIBRARY VIVEKANANDA LIBRARY   21/06/2010   005.82 T689I 295472 17/09/2023 Books
        VIVEKANANDA LIBRARY VIVEKANANDA LIBRARY   21/06/2010   005.82 T689I 322941 17/09/2023 Books
        VIVEKANANDA LIBRARY VIVEKANANDA LIBRARY   21/06/2010   005.82 T689I 322942 17/09/2023 Books
© Designed and Maintained by Vivekananda Library, MDU Rohtak